Państwa Europy walczące w I Wojnie Światowej - Statystyki

Ogólne statystyki
  • Ten quiz został rozwiązany 34 razy
    3 od ostatniego zresetowania
  • Średni wynik to 11 z 15
Statystyki odpowiedzi
Odpowiedź % Poprawnych
Państwa Centralne Austro-Węgry
100%
Ententa Francja
100%
Państwa Centralne Niemcy
100%
Ententa Rosja
100%
Ententa Wielka Brytania
100%
Ententa Belgia
67%
Państwa Centralne Bułgaria
67%
Ententa Luksemburg
67%
Ententa Rumunia
67%
Ententa Serbia
67%
Państwa Centralne Turcja/Imperium Osmańskie
67%
Ententa Włochy
67%
Ententa Czarnogóra
33%
Ententa Grecja
33%
Ententa Portugalia
33%
Nie znaleziono quizów pasujących do podanych kryteriów
Rozkład punktacji
Procent ludzi z każdym wynikiem
Percentyl według liczby udzielonych odpowiedzi
Twoja historia wyników
Nie rozwiązałeś tego quizu od ostatniego zresetowania